| 000 | 00432nam a2200169Ia 4500 | ||
|---|---|---|---|
| 008 | 170705s9999 xx 000 0 und d | ||
| 020 | _a9780439746496 | ||
| 245 | _aSherman crunchley / | ||
| 245 | _cLaura Numeroff and Nate Evans ; illustrated by Tim Bowers. | ||
| 260 | _aNew York : | ||
| 260 | _bScholastic, | ||
| 260 | _c2003 | ||
| 300 | _aunpaged : | ||
| 300 | _bcolor illustration ; | ||
| 300 | _c26cm. | ||
| 500 | _a600 | ||
| 999 |
_c336106 _d336106 |
||